[Event "World Junior U20 Girls 2018"]
[Site "Gebze"]
[Date "2018.09.11"]
[Round "7"]
[White "Nomin-Erdene, Davaademberel"]
[Black "Pychova, Nela"]
[Result "1-0"]
[WhiteElo "2377"]
[BlackElo "2173"]
[Annotator "TA"]
[PlyCount "185"]
[EventDate "2018.09.05"]
[EventType "swiss"]
[EventCountry "TUR"]
[SourceTitle "playchess.com"]
[Source "ChessBase"]
[SourceQuality "1"]

{[%evp 20,185,42,24,35,28,27,22,50,52,55,25,30,16,16,2,11,0,22,20,28,14,54,46,93,39,84,75,75,67,67,67,75,75,75,75,68,73,74,70,102,91,154,154,163,163,155,168,152,122,127,104,147,142,172,172,177,177,181,158,181,181,181,181,227,227,227,227,222,212,213,213,213,212,212,212,235,198,198,117,117,117,117,117,117,117,117,117,117,42,42,42,42,42,42,42,42,42,83,42,42,41,42,42,42,41,90,42,42,16,16,16,16,16,16,16,16,16,16,16,16,16,16,16,17,16,17,17,18,16,16,16,16,16,16,16,16,16,16,16,20,16,16,16,24,16,97,97,97,97,97,97,451,451,451,444,436,436,429,339,339,339,624,624,29983,29984,29997,29998]} 1. e4 e5 2. Nf3 Nf6 3. Nc3 Bb4 4. Nxe5 O-O 5. Be2 Re8 6. Nd3 Bxc3 7. dxc3 {[%cal Bd2c3,Bc3c4][%mdl 32]} Nxe4 8. Nf4 d6 9. O-O {[%cal Bh1f1,Bf1f2,Bf2d2][%mdl 32]} Nd7 10. f3 {C42: Russische Verteidigung (Petrow)} (10. Be3 Ne5 11. Bd3 Nf6 12. h3 Bd7 13. Nh5 Nxh5 14. Qxh5 Nxd3 15. cxd3 Qf6 16. Rfe1 {½-½ (16) Papp,G (2597)-Ruck,R (2502) Ajka 2018}) 10... Nef6 11. c4 {LiveBook: 4 Partien} Ne5 12. Rf2 {Weiß steht etwas besser.} Bd7 13. b3 a6 $146 ({Vorgänger:} 13... Bc6 14. Bb2 Qd7 15. Qd4 b6 16. Nd5 Bxd5 17. cxd5 c5 18. dxc6 Nxc6 {1-0 (43) Efroimski,M (2317)-Richterova,N (2059) Budva 2013}) 14. Bb2 b5 15. cxb5 axb5 16. Bf1 Qb8 17. Rd2 Bc6 18. Be2 Qb7 19. Qf1 Ra7 20. a3 Qb8 21. Qf2 Rb7 22. Qg3 (22. Nd3 $16) 22... Qc8 23. a4 bxa4 24. Ba6 $1 axb3 25. cxb3 Qb8 26. Bxb7 $40 {[%mdl 128] Weiss riecht Blut.} Qxb7 27. Nd3 {[%cal Rd3e5]} Qxb3 28. Nxe5 dxe5 29. Re1 Qb6+ 30. Qf2 Qxf2+ (30... Qb5 $142) 31. Kxf2 $16 e4 32. Bxf6 gxf6 $18 {[%mdl 4096] Endspiel KTT-KTL} 33. Rc2 Re6 34. Rc4 f5 35. Rc5 Rf6 36. Rec1 Bd7 37. Rxc7 Bb5 38. R1c5 Bd3 39. R7c6 Rxc6 40. Rxc6 $16 {KT-KL} Kg7 41. Ke3 Bf1 42. Rc2 (42. fxe4 $6 Bxg2 43. Rc1 Bxe4 $16) 42... exf3 43. Kxf3 Bd3 44. Rc3 Bb1 45. Kf4 f6 46. Rc1 Bd3 47. Ke3 Ba6 48. Kd4 Kg6 49. Kd5 ({Lieber} 49. Rc7 $18) 49... Bb7+ 50. Ke6 f4 51. Rc4 Bxg2 52. Rxf4 f5 {[#]} 53. Ke5 $1 Be4 {[#]} 54. Rf1 ({Günstiger ist} 54. Rh4 $1 $16) 54... Kg5 $14 55. Rg1+ Kh4 56. Rg3 Bb1 57. Kf4 Be4 58. Ke3 (58. Rg7 {with more complications.} h6 59. Rh7 h5 60. Rh8 Bc2 61. Rc8) 58... Bb1 59. Kf2 Be4 60. Rb3 Bd5 61. Rd3 Be4 62. Ra3 (62. Rg3 {feels hotter.} f4 63. Rg7 Bg6 64. Rg8 Kg4 65. Kg2) 62... Bd5 63. Kg1 Be4 64. h3 Bc2 65. Kh2 Be4 66. Ra4 h6 {[%cal Bh7h6,Bh6h5,Bh5h4][%mdl 32]} 67. Rb4 h5 68. Ra4 Kg5 69. Kg3 {Und weiter mit h4+ wäre nett.} h4+ 70. Kf2 Bc6 71. Ra7 Be4 72. Ke3 Bc6 73. Rg7+ Kf6 74. Rg1 {Schwarz muss nun Kf4 beachten.} (74. Rg8 {is more complex.} Bb5 75. Kf4 Bf1 76. Rh8 Bxh3 77. Rh6+) 74... Ke5 75. Rg5 {Und Th5 würde nun gewinnen.} Be8 $1 76. Rg7 {Droht stark Te7+.} f4+ 77. Kf2 {Beabsichtigt Te7+ und Matt.} Kf5 $1 78. Rg4 Bh5 $1 {[%cal Rh5g4]} 79. Rg8 (79. Rg1 {is interesting.} Be8 80. Rg8 Bg6 81. Kf3 Bh5+ 82. Kg2) 79... Bd1 80. Rh8 Kg5 81. Rc8 Kg6 82. Rc5 Bh5 (82... Bb3 $11) 83. Rd5 $16 Kh6 84. Rf5 f3 85. Ke3 {zielt auf Tf8 ab.} Kg6 $2 {[%mdl 8192]} (85... Be8 $16 {ist zäher.} 86. Rd5 (86. Rxf3 Kg5 $18) (86. Kxf3 Bd7 $11) 86... Kg6) 86. Ke4 $18 Kh6 {( -> ...Lg6)} 87. Ke5 Kg6 88. Ke6 Kh6 89. Kf6 Be8 90. Rxf3 Bd7 $2 (90... Bg6 91. Rf4 Kh5 92. Rd4 Bb1 93. Rd8 Kh6 94. Rh8+ Bh7 95. Kf7 Kg5 96. Rxh7 Kf4 97. Rxh4+ Ke3) 91. Rd3 ({Nicht} 91. Rf4 Kh5 $11) 91... Bc6 92. Rd4 {[%cal Rd4h4]} Kh5 93. Rd8 {Precision: Weiß = 57%, Schwarz = 44%.} 1-0

[Event "World Junior U20 Girls 2018"]
[Site "Gebze"]
[Date "2018.09.11"]
[Round "7"]
[White "Tokhirjonova, Gulrukhbegim"]
[Black "Mahalakshmi, M."]
[Result "1-0"]
[WhiteElo "2369"]
[BlackElo "2213"]
[Annotator "NA"]
[PlyCount "125"]
[EventDate "2018.09.05"]
[EventType "swiss"]
[EventCountry "TUR"]
[SourceTitle "playchess.com"]
[Source "ChessBase"]
[SourceQuality "1"]
[TimeControl "40/5400+30:1800+30"]

1. e4 {[%emt 0:00:30]} c6 {[%emt 0:00:30]} 2. d4 {[%emt 0:00:30]} d5 {[%emt 0:00:30]} 3. e5 {[%emt 0:00:30]} c5 {[%emt 0:00:00]} 4. Nf3 {[%emt 0:00:30]} cxd4 {[%emt 0:00:30]} 5. Nxd4 {[%emt 0:00:00]} e6 {[%emt 0:00:30] LiveBook: 36 Partien B12: Caro-Kann (Vorstoß-Variante)} 6. c4 {[%emt 0:00:00]} Bc5 {[%emt 0:00:30]} 7. Nb3 {[%emt 0:05:30]} Bb6 {[%emt 0:00:00]} 8. Nc3 {[%emt 0:02:30]} Ne7 {[%emt 0:01:30]} 9. Qg4 $146 {[%emt 0:16:30]} ({Vorgänger:} 9. Bg5 Nbc6 10. cxd5 exd5 11. Bxe7 Qxe7 12. Nxd5 Qxe5+ 13. Qe2 {0-1 (45) Nijboer,F (2492)-Van Foreest,J (2641) Hilversum 2018}) 9... O-O {[%emt 0:09:30]} 10. Bg5 {[%emt 0:05:30]} Qc7 {[%emt 0:04:30]} 11. c5 {[%emt 0:14:30]} Qxe5+ {[%emt 0:08:30]} 12. Be2 {[%emt 0:00:30]} Bd8 {[%emt 0:02:30]} 13. f4 {[%emt 0:02:30]} Qc7 {[%emt 0:05:30]} 14. Nb5 {[%emt 0:06:30]} Qc6 {[%emt 0:10:30]} 15. O-O {[%emt 0:06:30]} Nf5 {[%emt 0:06:30]} 16. Bxd8 {[%emt 0:02:30]} Rxd8 {[%emt 0:01:30]} 17. Bd3 {[%emt 0:00:30]} Re8 {[%emt 0:13:30]} 18. Qh3 {[%emt 0:04:30]} g6 {[%emt 0:05:30]} 19. g4 {[%emt 1:18:30]} a6 {[%emt 1:17:30]} 20. a4 {[%emt 0:00:30]} Ng7 {[%emt 0:00:30]} 21. Qe3 {[%emt 0:00:30]} Qd7 {[%emt 0:00:30]} 22. Nd6 {[%emt 0:00:30]} Rf8 {[%emt 0:00:30]} 23. Nd4 {[%emt 0:00:30]} e5 {[%emt 0:00:30]} 24. fxe5 {[%emt 0:00:30]} Qxg4+ {[%emt 0:00:30]} 25. Kh1 {[%emt 0:00:30]} Nc6 {[%emt 0:01:30]} 26. Rf4 {[%emt 0:03:58]} Qg5 {[%emt 0:03:54]} 27. Nxc6 {[%emt 0:03:47]} bxc6 {[%emt 0:00:16]} 28. Rg1 {[%emt 0:00:00]} Qe7 {[%emt 0:01:09]} 29. Rf6 {[%emt 0:01:31]} Rb8 {[%emt 0:04:29]} 30. Qg5 {[%emt 0:07:33]} Qa7 {[%emt 0:02:15]} 31. Nxc8 {[%emt 0:00:37]} Rbxc8 {[%emt 0:01:34]} 32. b4 {[%emt 0:00:48]} Rfe8 {[%emt 0:03:02]} 33. Rgf1 {[%emt 0:01:00]} Rc7 {[%emt 0:01:08]} 34. R1f3 {[%emt 0:02:06]} Rce7 {[%emt 0:01:10]} 35. Rxc6 {[%emt 0:01:41]} Rxe5 {[%emt 0:00:31]} 36. Qf6 {[%emt 0:00:15]} Qd7 {[%emt 0:01:44]} 37. Rd6 {[%emt 0:00:20]} Re1+ {[%emt 0:02:12]} 38. Bf1 {[%emt 0:00:02]} Qc7 {[%emt 0:01:30]} 39. Rc6 {[%emt 0:00:08]} Qd7 {[%emt 0:00:38]} 40. Rd6 {[%emt 0:00:00]} Qc7 {[%emt 0:00:00]} 41. Rxd5 {[%emt 0:12:14]} R1e6 {[%emt 0:02:28]} 42. Qf4 {[%emt 0:01:30]} Qb7 {[%emt 0:02:30]} 43. Qd2 {[%emt 0:04:43]} Nf5 {[%emt 0:03:30]} 44. b5 {[%emt 0:04:33]} axb5 {[%emt 0:03:30]} 45. axb5 {[%emt 0:00:02]} Qa8 {[%emt 0:03:30]} (45... Ne3 $11 {keeps the balance.} 46. c6 Qb6 47. Rxe3 Rxe3) 46. c6 {[%emt 0:01:06]} Re1 {[%emt 0:03:10]} 47. Rdxf5 $18 {[%emt 0:02:28]} gxf5 {[%emt 0:01:11]} 48. Qg5+ {[%emt 0:00:01]} Kf8 {[%emt 0:00:16]} 49. Qxf5 {[%emt 0:01:19]} Qa2 {[%emt 0:03:13]} 50. Qc5+ {[%emt 0:01:03]} R1e7 {[%emt 0:01:57]} 51. Qd6 {[%emt 0:01:03]} Qe6 {[%emt 0:00:56]} 52. Qxe6 {[%emt 0:00:30]} Rxe6 {[%emt 0:00:10]} 53. Bc4 {[%emt 0:00:00]} Re1+ {[%emt 0:05:45]} 54. Kg2 {[%emt 0:00:09]} Ke7 {[%emt 0:00:00]} 55. b6 {[%emt 0:01:09]} Kd6 {[%emt 0:02:13]} 56. c7 {[%emt 0:00:27]} Rb1 {[%emt 0:03:11]} 57. Bxf7 {[%emt 0:00:55]} Rc8 {[%emt 0:01:40]} 58. Bb3 {[%emt 0:00:19]} Re8 {[%emt 0:02:07]} 59. Rf6+ {[%emt 0:01:16]} Kc5 {[%emt 0:00:19]} 60. b7 {[%emt 0:00:20]} Rb2+ {[%emt 0:00:42]} 61. Rf2 {[%emt 0:00:15]} Rxf2+ {[%emt 0:00:53]} 62. Kxf2 {[%emt 0:00:30]} Rf8+ {[%emt 0:00:30]} 63. Kg2 {[%emt 0:00:30]} 1-0

[Event "World Junior U20 Girls 2018"]
[Site "Gebze"]
[Date "2018.09.11"]
[Round "7"]
[White "Hojjatova, Aydan"]
[Black "Song, Yuxin"]
[Result "1-0"]
[WhiteElo "2356"]
[BlackElo "2156"]
[Annotator "TA"]
[PlyCount "85"]
[EventDate "2018.09.05"]
[EventType "swiss"]
[EventCountry "TUR"]
[SourceTitle "playchess.com"]
[Source "ChessBase"]
[SourceQuality "1"]

{[%evp 16,85,9,0,23,0,-4,-26,-31,-22,16,-14,60,-31,82,89,141,153,149,145,133,153,572,556,687,680,1567,1552,29992,1426,1439,1439,1419,1436,1381,1360,1333,1283,1476,1434,2044,1740,2179,2109,5322,2378,1975,0,5109,1778,1995,1754,1905,1886,1895,1884,1866,1864,1828,1772,2421,2260,29983,29984,29984,6177,7220,2866,29986,29987,29991,12649]} 1. Nf3 Nf6 2. d4 e6 3. e3 c5 4. Bd3 Nc6 5. O-O d5 6. b3 Bd6 7. Bb2 O-O 8. a3 b6 9. Nbd2 Bb7 {D05: Colle System with ...e6} 10. Ne5 (10. Qe2 Rc8 11. Rad1 cxd4 12. exd4 Qe7 13. Ra1 Qc7 14. g3 Ne7 15. Rac1 Qb8 16. Rfe1 Rc7 17. Ng5 {½-½ (43) Rakhmanov,A (2676)-Azarov,S (2582) Minsk 2017}) 10... Ne7 11. f4 Nf5 {Black has an edge.} 12. Qf3 Be7 13. dxc5 $146 ({Predecessor:} 13. Qh3 Ne4 14. Rad1 f6 15. Ng4 Qc8 16. c4 Nxd2 17. Rxd2 dxc4 18. bxc4 {1-0 (42) Segna,U (2092)-Erlach,O (2169) Kassel 2013}) 13... bxc5 ({Better is} 13... Bxc5 $11 14. Rfe1 h5) 14. Rad1 (14. g4 $14 c4 15. bxc4 (15. gxf5 cxd3 16. fxe6 dxc2 $16)) 14... Nd6 {[#]} (14... Qb6 $15 {keeps the upper hand.}) 15. Qh3 $1 $16 Nfe4 {[#]} (15... Qe8 $142) 16. Bxe4 $1 dxe4 17. Ndc4 Qc7 18. Qg4 $36 {[%mdl 2048] Strongly threatening Nxd6. Black is under strong pressure.} Nf5 $2 (18... f5 $16 19. Qg3 Nxc4 20. Nxc4 Bf6) 19. Rd7 $18 Qc8 {[#]} 20. Rxe7 $1 {[%mdl 512]} g6 (20... Nxe7 21. Nc6) 21. Nd7 Rd8 22. Nf6+ (22. Qg5 $142 Rf8 23. Qf6 Nd4 24. exd4 cxd4 25. Bxd4 e5 26. Bxe5 Qc5+ 27. Nxc5 h6 28. Qh8#) 22... Kf8 23. Rxb7 Qxb7 24. Nxh7+ Ke8 25. Nf6+ Kf8 26. Qg5 Rac8 27. Be5 Qc6 28. g4 Nd4 29. exd4 cxd4 30. Nh7+ Ke8 31. Nf6+ Kf8 32. Qh6+ Ke7 33. Nh7 Qc5 34. Qg5+ Kd7 35. Nf6+ {[%cal Bh7f6,Bf6e4,Be4d6][%mdl 32]} Kc6 36. Nxe4 Qd5 37. Ned6 Ra8 38. Rd1 Qf3 39. Rxd4 Qe2 40. Rd2 (40. Na5+ $142 Kb6 41. Ndc4+ Ka6 42. Rxd8 Qe1+ 43. Kg2 Qe2+ 44. Kg3 Qe1+ 45. Kf3 Qf1+ 46. Ke3 Qe1+ 47. Kd3 Qd1+ 48. Nd2) 40... Qe1+ 41. Kg2 a5 42. Bc3 f5 43. Qe7 {Precision: White = 52%, Black = 19%.} (43. Ne5+ $142 Kc5 44. Qe7 Qxd2+ 45. Bxd2 Rxd6 46. Qc7+ Kb5 47. Qxd6 fxg4 48. Qc6#) 1-0

[Event "World Junior U20 Girls 2018"]
[Site "Gebze"]
[Date "2018.09.11"]
[Round "7"]
[White "Dordzhieva, Dinara"]
[Black "Khomeriki, Nino"]
[Result "1-0"]
[WhiteElo "2318"]
[BlackElo "2313"]
[Annotator "NA"]
[PlyCount "129"]
[EventDate "2018.09.05"]
[EventType "swiss"]
[EventCountry "TUR"]
[SourceTitle "playchess.com"]
[Source "ChessBase"]
[SourceQuality "1"]
[TimeControl "40/5400+30:1800+30"]

1. d4 {[%emt 0:00:30]} d5 {[%emt 0:00:30]} 2. c4 {[%emt 0:00:30]} e6 {[%emt 0:00:30]} 3. Nc3 {[%emt 0:00:00]} Be7 {[%emt 0:00:00]} 4. Bf4 {[%emt 0:00:00]} Nf6 {[%emt 0:07:30]} 5. e3 {[%emt 0:02:30]} c6 {[%emt 0:04:30]} 6. h3 {[%emt 0:01:30]} O-O {[%emt 0:01:30]} 7. Nf3 {[%emt 0:00:30]} Nbd7 {[%emt 0:06:30]} 8. Bd3 {[%emt 0:09:30]} dxc4 {[%emt 0:22:30]} 9. Bxc4 {[%emt 0:00:30] LiveBook: 17 Partien} Nb6 {[%emt 0:11:30]} 10. Bd3 {[%emt 0:03:00] D37: Queen's Gambit Declined: 5 Bf4} (10. Bb3 Nbd5 11. Bh2 Qa5 12. Rc1 Nxc3 13. bxc3 c5 14. Ne5 cxd4 15. exd4 Ba3 16. Rc2 Bd7 17. O-O Rac8 {1-0 (33) Jedynak,R (2394)-Hlavnicka,J (2166) Czech Republic 2016}) 10... Nbd5 {[%emt 0:03:30]} 11. Bh2 {[%emt 0:02:30]} Qa5 {[%emt 0:01:30]} 12. Qb3 {[%emt 0:06:30]} c5 {[%emt 0:00:30]} 13. O-O {[%emt 0:04:30]} cxd4 {[%emt 0:00:30]} 14. Nxd5 {[%emt 0:00:30]} Qxd5 {[%emt 0:03:30]} 15. Bc4 $146 {[%emt 0:07:00]} ({Predecessor:} 15. Nxd4) 15... Qa5 {[%emt 0:02:30]} 16. Nxd4 {[%emt 0:01:30]} Qb4 {[%emt 0:09:30]} 17. Qxb4 {[%emt 0:03:30]} Bxb4 {[%emt 0:00:30]} 18. Rfd1 {[%emt 0:02:30]} Bd7 {[%emt 0:03:00]} 19. Be2 {[%emt 0:00:30]} Rac8 {[%emt 0:06:59]} 20. Bf3 {[%emt 0:02:30]} Nd5 {[%emt 1:33:42]} 21. Rac1 {[%emt 1:02:30]} Rxc1 {[%emt 0:00:30]} 22. Rxc1 {[%emt 0:00:30]} Rc8 {[%emt 0:00:30]} 23. Rd1 {[%emt 0:00:30]} Ba4 {[%emt 0:00:30]} 24. Nb3 {[%emt 0:00:30]} f6 {[%emt 0:00:30]} 25. Bg4 {[%emt 0:03:30]} f5 {[%emt 0:00:23]} 26. Bf3 {[%emt 0:01:30]} Be7 {[%emt 0:02:12]} 27. Be5 {[%emt 0:02:30]} Nb4 {[%emt 0:02:32]} 28. Bxb7 {[%emt 0:16:28]} Rc2 {[%emt 0:00:30]} 29. Nd4 {[%emt 0:00:01]} Rxb2 {[%emt 0:01:02]} 30. Nxe6 {[%emt 0:00:08]} Rxa2 {[%emt 0:01:18]} 31. Rc1 {[%emt 0:01:09]} Bb3 {[%emt 0:01:13]} (31... Kf7 $16 {might work better.}) 32. Nd4 {[%emt 0:11:31]} Bd5 {[%emt 0:00:11]} 33. Rc8+ {[%emt 0:03:30]} Kf7 {[%emt 0:00:20]} 34. Rc7 {[%emt 0:00:00]} Bxb7 {[%emt 0:01:12]} 35. Rxb7 {[%emt 0:00:00]} Nd5 {[%emt 0:00:22]} 36. Nxf5 {[%emt 0:00:19]} Ke6 {[%emt 0:00:21]} 37. Nxe7 {[%emt 0:00:37]} Nxe7 {[%emt 0:01:00]} 38. Bxg7 {[%emt 0:00:03]} h5 {[%emt 0:00:10]} 39. g4 {[%emt 0:01:07]} hxg4 {[%emt 0:00:27]} 40. hxg4 {[%emt 0:00:00]} a5 {[%emt 0:00:00]} 41. Ra7 {[%emt 0:04:07]} Nd5 {[%emt 0:01:35]} 42. Bd4 {[%emt 0:00:30]} Nb4 {[%emt 0:02:30]} 43. Bc3 {[%emt 0:02:30]} Nd3 {[%emt 0:00:30]} 44. Ra6+ {[%emt 0:01:30]} Ke7 {[%emt 0:03:30]} 45. g5 {[%emt 0:05:30]} Rc2 {[%emt 0:05:53]} 46. Bf6+ {[%emt 0:01:30]} Kf7 {[%emt 0:00:20]} 47. Bd4 {[%emt 0:00:30]} Rxf2 {[%emt 0:03:14]} 48. g6+ {[%emt 0:00:30]} Kg8 {[%emt 0:00:02]} 49. Rxa5 {[%emt 0:00:30]} Rf3 {[%emt 0:02:12]} 50. Ra8+ {[%emt 0:00:30]} Rf8 {[%emt 0:00:30]} 51. Ra7 {[%emt 0:00:00]} Rd8 {[%emt 0:01:29]} 52. Rg7+ {[%emt 0:01:00]} Kf8 {[%emt 0:00:12]} 53. Rf7+ {[%emt 0:00:30]} Kg8 {[%emt 0:00:11]} 54. Rh7 {[%emt 0:00:30]} Rxd4 {[%emt 0:00:46]} 55. exd4 {[%emt 0:00:30]} Nf4 {[%emt 0:00:00]} 56. Kf2 {[%emt 0:00:00]} Nxg6 {[%emt 0:00:23]} 57. Rb7 {[%emt 0:00:00]} Kf8 {[%emt 0:00:14]} 58. Ke3 {[%emt 0:00:00]} Ke8 {[%emt 0:02:38]} 59. Ke4 {[%emt 0:00:00]} Kd8 {[%emt 0:00:00]} 60. Kd5 {[%emt 0:00:30]} Nf4+ {[%emt 0:01:04]} 61. Kd6 {[%emt 0:00:30]} Kc8 {[%emt 0:00:00]} 62. Rf7 {[%emt 0:00:00]} Ne2 {[%emt 0:00:00]} 63. d5 {[%emt 0:00:00]} Nd4 {[%emt 0:00:00]} 64. Rf8+ {[%emt 0:00:30]} Kb7 {[%emt 0:00:33]} 65. Kd7 {[%emt 0:00:30]} 1-0

[Event "World Junior U20 Girls 2018"]
[Site "Gebze"]
[Date "2018.09.11"]
[Round "7"]
[White "Gorti, Akshita"]
[Black "Tsolakidou, Stavroula"]
[Result "1-0"]
[WhiteElo "2315"]
[BlackElo "2393"]
[Annotator "NA"]
[PlyCount "75"]
[EventDate "2018.09.05"]
[EventType "swiss"]
[EventCountry "TUR"]
[SourceTitle "playchess.com"]
[Source "ChessBase"]
[SourceQuality "1"]
[TimeControl "40/5400+30:1800+30"]

1. d4 {[%emt 0:00:30]} Nf6 {[%emt 0:00:30]} 2. c4 {[%emt 0:00:30]} e6 {[%emt 0:00:30]} 3. Nc3 {[%emt 0:00:30]} Bb4 {[%emt 0:00:00]} 4. e3 {[%emt 0:00:00]} O-O {[%emt 0:00:00]} 5. Nge2 {[%emt 0:00:30]} c6 {[%emt 0:03:30] E46: Nimzo-Indian: Rubinstein: 4 e3 0-0 5 Ne2 without early Bd3} (5... Re8 6. a3 Bf8 7. d5 d6 8. g3 exd5 9. cxd5 c5 10. Bg2 Nbd7 11. O-O c4 12. Nd4 Nc5 13. Qe2 Nd3 14. b3 Nxc1 15. Rfxc1 cxb3 {½-½ (74) Caruana,F (2822)-So,W (2780) Saint Louis 2018}) 6. a3 {[%emt 0:00:00]} Ba5 {[%emt 0:00:30]} 7. Qc2 {[%emt 0:01:30]} d5 {[%emt 0:05:00]} 8. Ng3 {[%emt 0:00:30]} Nbd7 {[%emt 0:03:30]} 9. Be2 {[%emt 0:02:30] LiveBook: 38 Games} Bc7 {[%emt 0:15:30]} 10. O-O {[%emt 0:01:30]} dxc4 {[%emt 0:05:30]} 11. Bxc4 {[%emt 0:01:30]} e5 {[%emt 0:01:30]} 12. Rd1 {[%emt 0:03:30]} exd4 {[%emt 0:03:30]} 13. Rxd4 {[%emt 0:01:30]} Qe8 $146 {[%emt 0:07:30]} 14. Nce4 {[%emt 0:22:30]} c5 {[%emt 0:18:30]} 15. Nd6 {[%emt 0:05:30]} Bxd6 {[%emt 0:00:00]} 16. Rxd6 {[%emt 0:00:30]} Qe5 {[%emt 0:00:00] [#]} 17. Rd1 $1 {[%emt 0:02:30]} Nb6 {[%emt 0:01:30]} 18. Be2 {[%emt 0:07:30]} Bd7 {[%emt 0:05:30]} 19. Bd2 {[%emt 0:05:30]} Rac8 {[%emt 0:00:30]} 20. Bc3 {[%emt 0:05:30]} Qe6 {[%emt 1:18:00]} 21. a4 {[%emt 1:18:30]} Nbd5 {[%emt 0:00:30]} 22. Bxf6 {[%emt 0:00:30]} Nxf6 {[%emt 0:00:30]} 23. Bc4 {[%emt 0:00:30]} Qe5 {[%emt 0:00:30]} 24. Qb3 {[%emt 0:00:30]} Bc6 {[%emt 0:02:30]} 25. Rd2 {[%emt 0:03:19]} g6 {[%emt 0:01:54]} 26. Rad1 {[%emt 0:02:36]} Qe7 {[%emt 0:10:15]} 27. h3 {[%emt 0:08:29]} b6 {[%emt 0:02:33]} 28. Rd6 {[%emt 0:02:17]} Ne8 {[%emt 0:02:37]} 29. R6d2 {[%emt 0:00:30]} Nf6 {[%emt 0:00:00]} 30. f3 {[%emt 0:02:05]} Kg7 {[%emt 0:00:37]} 31. Qc3 {[%emt 0:01:55]} Bxa4 {[%emt 0:01:57]} 32. Ne4 {[%emt 0:03:25]} Bc6 $18 {[%emt 0:03:31]} (32... Bxd1 {[#]} 33. Rd7 $3 $18 {[%mdl 512]}) (32... b5 {was worth a try.}) 33. Bd5 {[%emt 0:01:11]} Rfd8 {[%emt 0:00:34]} 34. g4 {[%emt 0:00:27]} h6 {[%emt 0:00:17]} 35. h4 {[%emt 0:00:33]} g5 {[%emt 0:00:21]} 36. hxg5 {[%emt 0:00:53]} hxg5 {[%emt 0:00:04]} 37. Ng3 {[%emt 0:00:13]} Qc7 {[%emt 0:01:38]} 38. Nh5+ {[%emt 0:00:09]} 1-0

[Event "World Junior U20 Girls 2018"]
[Site "Gebze"]
[Date "2018.09.11"]
[Round "7"]
[White "Unuk, Laura"]
[Black "Nurgali, Nazerke"]
[Result "0-1"]
[WhiteElo "2299"]
[BlackElo "2080"]
[Annotator "NA"]
[PlyCount "84"]
[EventDate "2018.09.05"]
[EventType "swiss"]
[EventCountry "TUR"]
[SourceTitle "playchess.com"]
[Source "ChessBase"]
[SourceQuality "1"]
[TimeControl "40/5400+30:1800+30"]

1. d4 {[%emt 0:00:30]} Nf6 {[%emt 0:00:30]} 2. Nf3 {[%emt 0:00:30]} e6 {[%emt 0:00:30]} 3. c4 {[%emt 0:00:00]} d5 {[%emt 0:00:30]} 4. g3 {[%emt 0:00:00]} Be7 {[%emt 0:00:00]} 5. Bg2 {[%emt 0:00:30]} O-O {[%emt 0:01:30]} 6. O-O {[%emt 0:00:00]} b6 {[%emt 0:01:30]} 7. cxd5 {[%emt 0:00:30]} exd5 {[%emt 0:00:30]} 8. Nc3 {[%emt 0:00:30]} Bb7 {[%emt 0:01:00]} 9. Bf4 {[%emt 0:00:30]} Na6 {[%emt 0:01:30]} 10. Rc1 {[%emt 0:00:30]} c5 {[%emt 0:01:30]} 11. Qc2 {[%emt 0:01:00] E18: Queen's Indian: Old Main Line (4 g3 Bb7 5 Bg2 Be7 6 0-0 0-0 7 Nc3)} (11. Ne5 Nc7 12. dxc5 bxc5 13. Qa4 Ne6 14. Rfd1 Nxf4 15. gxf4 Re8 16. Nxd5 Bxd5 17. Bxd5 Nxd5 18. Qc4 Bf8 19. Nxf7 Qf6 20. Ne5 Re6 21. Rxd5 Kh8 22. Rc3 Rb8 23. Nd7 Qg6+ 24. Rg5 {1-0 (24) Priyadharshan,K (2530)-Morrison,W (2334) Washington DC 2018}) 11... Nc7 {[%emt 0:09:30]} 12. Rfd1 {[%emt 0:04:30]} Ne6 {[%emt 0:01:30]} 13. e3 $146 {[%emt 0:00:30]} ({Predecessor:} 13. Be5 c4 14. b3 Rc8 15. bxc4 Rxc4 16. Nd2 Rc8 17. Qb3 Ne4 18. Ndxe4 dxe4 19. Ra1 Qd7 20. Nxe4 Bd5 21. Qd3 f6 22. Bf4 Nxf4 23. gxf4 {1-0 (23) Vekshenkov,N (2390)-Tregubov,A Pavlodar 1991}) 13... Nxf4 {[%emt 0:02:30]} 14. exf4 {[%emt 0:01:00]} c4 {[%emt 0:02:30]} 15. Ne5 {[%emt 0:00:30]} Qc7 {[%emt 0:04:30]} 16. Re1 {[%emt 0:05:30]} a6 {[%emt 0:02:30]} 17. a4 {[%emt 0:03:30]} Bb4 {[%emt 0:06:30]} 18. g4 {[%emt 0:04:30]} Rad8 {[%emt 0:15:30]} 19. Re3 {[%emt 0:02:30]} Bxc3 {[%emt 0:09:30]} 20. Rxc3 {[%emt 0:03:30]} b5 {[%emt 0:00:30]} 21. Rh3 {[%emt 0:01:30]} g6 {[%emt 0:02:30]} 22. g5 {[%emt 0:23:30]} Nd7 {[%emt 0:04:30]} ({Black should try} 22... Nh5 $15) 23. Re1 {[%emt 0:01:30]} (23. axb5 $11 axb5 24. Ra3) 23... Nxe5 24. fxe5 Bc8 25. Rh6 {[%emt 1:08:30]} b4 {[%emt 1:27:33]} 26. Re3 {[%emt 0:00:30]} Be6 {[%emt 0:00:30]} 27. Rf3 {[%emt 0:00:30]} c3 {[%emt 0:00:30]} 28. bxc3 {[%emt 0:00:30]} Rc8 {[%emt 0:00:30]} 29. Bh3 {[%emt 0:00:30]} Kg7 {[%emt 0:03:32]} 30. Bxe6 {[%emt 0:07:30]} fxe6 {[%emt 0:00:02]} 31. Rfh3 {[%emt 0:01:30]} Rh8 {[%emt 0:00:12]} 32. Rg3 {[%emt 0:00:00]} Qc4 {[%emt 0:02:31]} 33. Rf3 {[%emt 0:11:23]} b3 {[%emt 0:02:26]} 34. Qd2 $19 {[%emt 0:10:53]} Rb8 {[%emt 0:02:48]} 35. Qb2 {[%emt 0:04:41]} Qxa4 {[%emt 0:00:42]} 36. c4 {[%emt 0:00:02]} Qa2 {[%emt 0:01:15]} 37. Qc3 {[%emt 0:00:10]} b2 {[%emt 0:00:20]} 38. cxd5 {[%emt 0:00:17]} b1=Q+ {[%emt 0:00:36]} 39. Kg2 {[%emt 0:00:04]} Qac2 {[%emt 0:00:59]} 40. Qa3 {[%emt 0:00:00]} Qb7 {[%emt 0:00:00]} 41. dxe6 {[%emt 0:05:30]} Qce4 {[%emt 0:08:04]} 42. Rhh3 {[%emt 0:01:30]} Rhf8 {[%emt 0:02:30]} 0-1